Statistics for top 15 famous dogs in india

Click here to take the quiz!

General Stats

  • This quiz has been taken 36 times
  • The average score is 4 of 15

Answer Stats

HintAnswer% Correct
1labrador
83%
5pug
63%
2german shepherd
57%
3doberman
47%
4golden retriever
43%
8great dane
33%
6rottweiler
30%
7pomeranian
23%
15poodle
20%
11shih tzu
13%
14lhasa apso
10%
9st bernard
10%
12pekingese
7%
13english mastiff
3%
10bull mastiff
0%

Score Distribution

Percentile by Number Answered

Percent of People with Each Score

Your Score History

You have not taken this quiz